000 00415nam a22001697a 4500
005 20180712113817.0
008 160512b xxu||||| |||| 00| 0 eng d
020 _a81-203-1584-7
041 _aeng
082 _b1764
_a658.1511
100 _aHorngren, T.CHARLES And Others
_94528
245 _aManagement Accounting
260 _aNew Delhi
_bPHI,
_c1999
300 _a763
650 _aManagement
_9241
942 _cBK
999 _c680
_d680